60 rappeurs français à retrouver - Statistiques

Statistiques générales
  • Ce quiz a été pris 2 843 fois
  • Le résultat moyen est 35 sur 60
Statistiques - réponses
Titre Artiste % Correct
Macarena Damso
95%
JCVD JUL
94%
POPOPOP Gambi
93%
Salé Niska
92%
Au DD PNL
92%
La kiffance Naps
90%
DIE Gazo
89%
Zipette Ninho
89%
Scarface Booba
88%
Emotif PLK
88%
Bolide Allemand SDM
87%
RR 9.1 Koba laD
86%
Meuda Tiakola
85%
Désaccordé Vald
82%
Fusil SCH
81%
L1 L2 Zola
81%
Suavemente Soolking
79%
Fixette Ziak
78%
Laboratoire Werenoi
75%
Fume à fond Lorenzo
73%
Billets verts Maes
71%
Urus Favé
70%
Bando Kalash
69%
A Kele Nta MHD
67%
Sauvagerie 2 Kalash Criminel
64%
Rosa Gradur
63%
17% Leto
63%
Placebo Dinos
61%
Binta Alonzo
60%
A la fete UZI
60%
Free YSL Hamza
58%
Lola RK
57%
Ma belle Moha La Squale
53%
La vraie vie DA Uzi
51%
Avec toi Oboy
51%
J'picole Sasso
49%
Médusa Landy
48%
Toka Sofiane
48%
Benzema Brulux
47%
Me gusta DTF
45%
MMM Naza
44%
Sacoche Larry
42%
Bep Bep Sadek
39%
Mistral Soso Maness
38%
Alicante Gambino
37%
30 septembre MIG
34%
Tarzan Kerchak
33%
Copilote Timal
32%
Rodé So La Lune
28%
Mouv' du boug Kanoé
27%
Les gentils bandits Zkr
27%
Le billet ISK
26%
La Costa Mister You
26%
Le coeur des filles A2h
25%
Tiki Taka Vacra
25%
J'aimerais tellement Kaza
22%
La night Benab
19%
Ca va bien se passer Nahir
19%
Faut pas déconner TK
19%
A la Gustavo Hooss
17%
Aucun quiz correspondant
Distribution des résultats
% des personnes avec chaque résultat
Percentile par nombre de réponses
Votre historique - résultats
Vous n’avez pas pris ce quiz